Statistics for Pi Digits #12 1001-1100

Click here to take the quiz!

General Stats

  • This quiz has been taken 253 times
  • The average score is 15 of 20

Answer Stats

Digits% Correct
25720
100%
38095
100%
10654
93%
27886
85%
85863
85%
59361
78%
01952
70%
03530
70%
53381
70%
82303
70%
82796
70%
18529
67%
68995
67%
13891
63%
17752
63%
24972
63%
25994
63%
77362
63%
13151
59%
83479
59%

Score Distribution

Percentile by Number Answered

Percent of People with Each Score

Your Score History

You have not taken this quiz